Cẩm nang phong tục dân gian : Ngũ phúc lâm môn
Sách đúc rút những tri thức của người xưa và nay để bạn đọc chiêm nghiệm. Sách gồm 3 phần: Chỉ dẫn bố cục hoàn toàn theo phong thủy,100 câu hỏi đáp về trang trí cửa hàng nhà ở và cẩm nang phong thủy nhà ở....
保存先:
| フォーマット: | 図書 |
|---|---|
| 言語: | Undetermined |
| 出版事項: |
Hà Nội
Lao Động Xã Hội
2006
|
| 主題: | |
| タグ: |
タグ追加
タグなし, このレコードへの初めてのタグを付けませんか!
|
| Thư viện lưu trữ: | Trung tâm Học liệu Trường Đại học Cần Thơ |
|---|
| LEADER | 00877nam a2200205Ia 4500 | ||
|---|---|---|---|
| 001 | CTU_112368 | ||
| 008 | 210402s9999 xx 000 0 und d | ||
| 020 | |c 48000 | ||
| 082 | |a 392 | ||
| 082 | |b C120 | ||
| 245 | 0 | |a Cẩm nang phong tục dân gian : | |
| 245 | 0 | |b Ngũ phúc lâm môn | |
| 245 | 0 | |c Nguyễn Huy Cố biên soạn | |
| 260 | |a Hà Nội | ||
| 260 | |b Lao Động Xã Hội | ||
| 260 | |c 2006 | ||
| 520 | |a Sách đúc rút những tri thức của người xưa và nay để bạn đọc chiêm nghiệm. Sách gồm 3 phần: Chỉ dẫn bố cục hoàn toàn theo phong thủy,100 câu hỏi đáp về trang trí cửa hàng nhà ở và cẩm nang phong thủy nhà ở. | ||
| 650 | |a Manners and customs | ||
| 904 | |i Minh | ||
| 980 | |a Trung tâm Học liệu Trường Đại học Cần Thơ | ||